Analysis I (Record no. 148525)

MARC details
000 -LEADER
fixed length control field 00349nam a2200145Ia 4500
008 - FIXED-LENGTH DATA ELEMENTS--GENERAL INFORMATION
fixed length control field 230917s9999||||xx |||||||||||||| ||und||
040 ## - CATALOGING SOURCE
-- 125979
Original cataloging agency VIVEKANANDA LIBRARY
041 ## - Language
-- English
082 ## - DDC NUMBER
Classification number 515 T159A
100 ## - MAIN ENTRY--PERSONAL NAME
Personal name Tao, Terence
245 #0 - TITLE STATEMENT
Title Analysis I
260 ## - PUBLICATION, DISTRIBUTION, ETC. (IMPRINT)
Place of publication, distribution, etc New Delhi
Name of publisher, distributor, etc Hindustan Book Agency
Date of publication, distribution, etc 2006
300 ## - PHYSICAL DESCRIPTION
Pages 388p p. + 1xp
942 ## - ADDED ENTRY ELEMENTS (KOHA)
Koha item type Books
Holdings
Withdrawn status Lost status Damaged status Not for loan Location (home branch) Sublocation or collection (holding branch) Date acquired Koha issues (times borrowed) Koha full call number Accession No. Koha date last seen Koha item type
        VIVEKANANDA LIBRARY VIVEKANANDA LIBRARY 15/01/2010   515 T159A 264491 17/09/2023 Books
        VIVEKANANDA LIBRARY VIVEKANANDA LIBRARY 15/01/2010   515 T159A 264492 17/09/2023 Books
        VIVEKANANDA LIBRARY VIVEKANANDA LIBRARY 15/01/2010   515 T159A 264493 17/09/2023 Books
        VIVEKANANDA LIBRARY VIVEKANANDA LIBRARY 15/01/2010   515 T159A 264494 17/09/2023 Books
        VIVEKANANDA LIBRARY VIVEKANANDA LIBRARY 15/01/2010   515 T159A 264495 17/09/2023 Books
        VIVEKANANDA LIBRARY VIVEKANANDA LIBRARY 15/01/2010   515 T159A 264496 17/09/2023 Books
        VIVEKANANDA LIBRARY VIVEKANANDA LIBRARY 15/01/2010   515 T159A 264497 17/09/2023 Books
        VIVEKANANDA LIBRARY VIVEKANANDA LIBRARY 15/01/2010   515 T159A 264498 17/09/2023 Books
        VIVEKANANDA LIBRARY VIVEKANANDA LIBRARY 15/01/2010   515 T159A 264499 17/09/2023 Books
        VIVEKANANDA LIBRARY VIVEKANANDA LIBRARY 15/01/2010   515 T159A 264500 17/09/2023 Books
        VIVEKANANDA LIBRARY VIVEKANANDA LIBRARY 15/01/2010   515 T159A 264501 17/09/2023 Books
        VIVEKANANDA LIBRARY VIVEKANANDA LIBRARY 15/01/2010   515 T159A 264502 17/09/2023 Books
        VIVEKANANDA LIBRARY VIVEKANANDA LIBRARY 15/01/2010   515 T159A 264503 17/09/2023 Books
        VIVEKANANDA LIBRARY VIVEKANANDA LIBRARY 15/01/2010   515 T159A 264504 17/09/2023 Books
        VIVEKANANDA LIBRARY VIVEKANANDA LIBRARY 15/01/2010   515 T159A 311502 17/09/2023 Books
© Designed and Maintained by Vivekananda Library, MDU Rohtak